Biggest European Union Cities by Letter - Statistics

General Stats
  • This quiz has been taken 2,008 times
    1,687 since last reset
  • The average score is 15 of 24
Answer Stats
Population City % Correct
B 3,562,000 Berlin
96%
L 8,539,000 London
94%
P 2,273,000 Paris
93%
M 3,165,000 Madrid
91%
A 825,000 Amsterdam
85%
R 2,874,000 Rome
85%
W 1,740,000 Warsaw
85%
V 1,841,000 Vienna
80%
F 709,000 Frankfurt
78%
H 1,760,000 Hamburg
78%
Z 790,000 Zagreb
75%
N 989,000 Naples
71%
T 897,000 Turin
63%
D 599,000 Düsseldorf
60%
C 1,057,000 Cologne
59%
E 570,000 Essen
58%
G 597,000 Glasgow
51%
K 761,000 Kraków
43%
S 1,228,000 Sofia
39%
U 331,000 Utrecht
25%
J 212,000 Jerez de la Frontera
20%
Y 204,000 York
14%
O 310,397 Ostrava
8%
I 316,000 Iaşi
4%
No matching quizzes found
Score Distribution
Percent of People with Each Score
Percentile by Number Answered
Your Score History
You have not taken this quiz since the last reset